Science Quiz

Random Science Quiz

Nerves Quiz Stats

 Plays Quiz not verified by Sporcle

Challenge
Share
Tweet
Embed
Score 0/12 Timer 10:00
0 Plays Today
body parrt nerve % Correct
eyesoptic
100%
facial expression musclesfacial
90.9%
thorax and abdomenvagus
90.9%
tongue muscle hypoglossal
90.9%
nasal cavityolfactory
87.9%
eye musclesoculomotor
87.9%
eye musclestrochlear
87.9%
trapezius muscleaccessory
87.9%
tongue and pharynxglossopharyngeal
84.8%
eyemusclesabducens
81.8%
face and chewing musclestrigeminal
78.8%
ear for equilibrium and hearingvestibulocochlear
72.7%

You're not logged in!

Compare scores with friends on all Sporcle quizzes.
OR
Log In

You Might Also Like...

Show Comments

Extras

Created Dec 3, 2011ReportNominate
Tags:body, nerve

Top Quizzes Today


Score Distribution

Your Account Isn't Verified!

In order to create a playlist on Sporcle, you need to verify the email address you used during registration. Go to your Sporcle Settings to finish the process.

Report this User

Report this user for behavior that violates our Community Guidelines.

Details: